| 000 | 00695cam a2200181 4500 | ||
|---|---|---|---|
| 008 | 040804s1989 mx a g 000 0 spa u | ||
| 035 | _aa439157 | ||
| 050 | 0 | 0 |
_aHD1333 _b.M4 O84 1989 |
| 100 | 1 | _aOseguera, David | |
| 245 | 1 | 0 |
_aManual de tramitación agraria / _cDavid Oseguera y Rosalía Peredo. |
| 260 |
_aMéxico : _bUniversidad Autónoma de Chapingo, Departamento de Trabajos de Campo, Coordinación de Extensión Universitaria, _c1989 |
||
| 300 |
_a232 p. : _bils. ; _c22 cm. |
||
| 650 | 1 | 4 |
_aTenencia de la tierra _zMéxico |
| 650 | 2 | 4 |
_aReforma agraria _zMéxico |
| 650 | 3 | 4 |
_aReforma agraria _xLeyes y Legislación _zMéxico |
| 700 | 1 | _aPeredo, Rosalía, coaut. | |
| 942 |
_2lcc _cLIB |
||
| 999 |
_c65684 _d65684 |
||